| 000 | 00458nam a22001457a 4500 | ||
|---|---|---|---|
| 082 | _a004 | ||
| 100 | _aKhan, Aliya Ashraf | ||
| 245 |
_aUrdu Optical Character Recognition System / _cAliya Ashraf Khan |
||
| 260 |
_aIslamabad : _bMCS - NUST, _c2012. |
||
| 300 |
_a56 p. ; _c30cm. |
||
| 650 |
_aComputer Software Engineering-MS-Thesis _916105 |
||
| 700 |
_aDr. Asif Masood _914088 |
||
| 942 |
_2ddc _cTHE |
||
| 999 |
_c541078 _d541078 |
||